Welcome to the Holygrace Academy Library

Please use search bar below to get started

THE GOLDEN RULES OF SUCCESS (Record no. 6901)

MARC details
000 -LEADER
fixed length control field 00264nam a22001217a 4500
082 ## - DEWEY DECIMAL CLASSIFICATION NUMBER
Classification number 650
Item number HIL/G
100 ## - MAIN ENTRY--AUTHOR NAME
Personal name HILL, NAPOLEON
245 ## - TITLE STATEMENT
Title THE GOLDEN RULES OF SUCCESS
260 ## - PUBLICATION, DISTRIBUTION, ETC. (IMPRINT)
Place of publication DELHI
Name of publisher JAICO BOOKS
300 ## - PHYSICAL DESCRIPTION
Number of Pages 150
650 ## - SUBJECT ADDED ENTRY--TOPICAL TERM
Topical Term PSYCHOLOGY
Geographic subdivision DELHI
942 ## - ADDED ENTRY ELEMENTS (KOHA)
Koha item type Books
Holdings
Withdrawn status Lost status Collection code Home library Current library Shelving location Date acquired Source of acquisition Full call number Accession Number Koha item type
    Reference Main Library Main Library NEW SHELF WITH NEW ENTRY 13/09/2023 PURCHASE 650 HIL/G 12834 Books